000 00463nam a2200157 a 4500
001 000045298
005 20201002050037.0
008 150225s2004 dr a 000 0 spa d
020 _a8495119218
040 _aDO-SdBNP
_bspa
_cBPMSU
245 0 0 _aBlanca nieves y los siete ananitos.
260 _a[Santo Domingo] :
_bAsociación Popular,
_c[200?].
300 _a10 p. :
_bil., ;
_c32 cm.
490 1 _aMis cuentos favoritos
830 0 _aMis cuentos favoritos
_973320
999 _c44787
_d44787